000 00862naa a22002417u 4500
001 19089
003 HDC
007 cr bn ---aaaaa
008 210228t201109 xx 000 0 eng
040 _aHDC
100 _aMOHD EMIR MAVANI,
_cDr.
_eauthor
_917670
245 0 _aTransforming Malaysia's O&G services industry /
_cby Dr. MOHD EMIR MAVANI
260 _a[No place] :
_b[publisher not identified],
_c2011
336 _atext
_2rdacontent
337 _acomputer
_2rdamedia
338 _aonline resource
_2rdacarrier
650 _aGas industry
_zMalaysia
_917669
650 _aPetroleum industry and trade
_zMalaysia
_99405
856 _zRequest full-text at [email protected]
942 _2lcc
942 _cEIJ
942 _kEMAG 000812
999 _c16405
_d16405